Casino Royale / (Record no. 19925)
[ view plain ]
| 000 -LEADER | |
|---|---|
| fixed length control field | 00763cam a2200217Ii 4500 |
| 001 - CONTROL NUMBER | |
| control field | casinoroyale00flem |
| 003 - CONTROL NUMBER IDENTIFIER | |
| control field | CaSfIA |
| 005 - DATE AND TIME OF LATEST TRANSACTION | |
| control field | 20230525154919.0 |
| 007 - PHYSICAL DESCRIPTION FIXED FIELD--GENERAL INFORMATION | |
| fixed length control field | cr|||| |
| 008 - FIXED-LENGTH DATA ELEMENTS--GENERAL INFORMATION | |
| fixed length control field | 790314s1953 nyu 000 1 eng d |
| 040 ## - CATALOGING SOURCE | |
| Original cataloging agency | BNG |
| Transcribing agency | BNG |
| Modifying agency | OCLCG |
| -- | CaSfIA |
| 035 ## - SYSTEM CONTROL NUMBER | |
| System control number | (OCoLC)4739202 |
| 050 #4 - LIBRARY OF CONGRESS CALL NUMBER | |
| Classification number | PR6056.L4 |
| Item number | C3 1953 |
| 100 1# - MAIN ENTRY--PERSONAL NAME | |
| Personal name | Fleming, Ian, |
| Dates associated with a name | 1908-1964. |
| 245 10 - TITLE STATEMENT | |
| Title | Casino Royale / |
| Medium | [electronic resource] |
| Statement of responsibility, etc. | Ian Fleming. |
| 260 ## - PUBLICATION, DISTRIBUTION, ETC. | |
| Place of publication, distribution, etc. | New York : |
| Name of publisher, distributor, etc. | New American Library, |
| Date of publication, distribution, etc. | c1953. |
| 300 ## - PHYSICAL DESCRIPTION | |
| Extent | 144 p. ; |
| Dimensions | 18 cm. |
| 500 ## - GENERAL NOTE | |
| General note | A Signet Book. |
| 856 41 - ELECTRONIC LOCATION AND ACCESS | |
| Uniform Resource Identifier | <a href="http://www.archive.org/details/casinoroyale00flem">http://www.archive.org/details/casinoroyale00flem</a> |
| Public note | Free eBook from the Internet Archive |
| 856 42 - ELECTRONIC LOCATION AND ACCESS | |
| Uniform Resource Identifier | <a href="http://www.openlibrary.org/books/OL24236766M">http://www.openlibrary.org/books/OL24236766M</a> |
| Public note | Additional information and access via Open Library |
| Withdrawn status | Lost status | Damaged status | Not for loan | Collection | Home library | Current library | Date acquired | Total Checkouts | Date last seen | Price effective from | Koha item type |
|---|---|---|---|---|---|---|---|---|---|---|---|
| Project Gutenberg | Main Library | Main Library | 05/25/2023 | 05/25/2023 | 05/25/2023 | EBooks |